• 首页
  • 本馆介绍
  • 公告通知
  • 最新文献
  • 馆藏检索
  • 电子资源
  • 读者导购
  • 参考咨询
  • 我的图书馆
  • 登录
  • 详细信息显示
  • 放入我的书架
  • 预约/预借图书
  • 作者相关作品
  • 分类相关作品
  • 丛书相关作品
  • 出版社相关作品

书目信息

  • 表格格式
  • 工作单格式
  • 卡片格式
题名:
初级会计实务历年真题详解及押题预测试卷
    
 
作者: 索晓辉 编著
分册:   初级
出版信息: 北京   中国宇航出版社  2011
页数: 177页
开本: 26cm
丛书名:
单 册:
中图分类: F23-44
科图分类:
主题词: 会计--考核--题解 , 会计
电子资源:
ISBN: 978-7-80218-832-7
000 00985nam0 2200253 45
001 1138505391
005 20110419092231.23
010    @a978-7-80218-832-7@dCNY26.00
100    @a20110409d2011 em y0chiy50 ea
101 0  @achi
102    @aCN@b110000
105    @ay q 000yy
106    @ar
200 1  @a初级会计实务历年真题详解及押题预测试卷@AChu Ji Kuai Ji Shi Wu Li Nian Zhen Ti Xiang Jie Ji Ya Ti Yu Ce Shi Juan@i初级@IChu Ji@f索晓辉编著@FSuo Xiao Hui Bian Zhu
210    @a北京@c中国宇航出版社@d2011
215    @a177页@d26cm
300    @a2011年版全国会计专业技术资格考试
330    @a本书汇编2007~2010年四年真题,深度解析答案,帮助考生吃透考点、把握命题意图。同时以2011年全国会计专业技术资格考试教材为依据,以大纲为指引,结合对近年来命题趋势的把握,精心编撰了五套押题预测试卷。
606 0  @a会计@x考核@j题解
606 0  @a会计
690    @aF23-44@v4
701  0 @a索晓辉@ASuo Xiao Hui@4编著
801  0 @aCN@bTANGWEI@c20110419
905    @b0536357-61@dF23-44@e394:1@f5
    
    初级会计实务历年真题详解及押题预测试卷.初级/索晓辉编著.-北京:中国宇航出版社,2011
    177页;26cm
    2011年版全国会计专业技术资格考试
    
    ISBN 978-7-80218-832-7:CNY26.00
    本书汇编2007~2010年四年真题,深度解析答案,帮助考生吃透考点、把握命题意图。同时以2011年全国会计专业技术资格考试教材为依据,以大纲为指引,结合对近年来命题趋势的把握,精心编撰了五套押题预测试卷。
●
相关链接 在E读中查询图书 在五车中查询图书 在当当中查询图书 在豆瓣中查询图书


正题名:初级会计实务历年真题详解及押题预测试卷     索取号:F23-44/394:1         预约/预借

序号 登录号 条形码 馆藏地/架位号 状态 备注
1 0536357   205363578   第一样本阅览室/ [索取号:F23-44/394:1] 在馆    
2 0536358   205363587   第一借阅区/ [索取号:F23-44/394:1] 在馆    
3 0536359   205363596   第一借阅区/ [索取号:F23-44/394:1] 在馆    
4 0536360   205363603   第一借阅区/ [索取号:F23-44/394:1] 在馆    
5 0536361   205363612   第一借阅区/ [索取号:F23-44/394:1] 在馆    
唐山师范学院图书馆 欢迎您!
大连网信软件有限公司© 版权所有